00541nam a2200169 450000500170000001000150001702000270003203500140005903700090007308200080008210000200009024500660011025000100017626000340018627001310022030000200035120241024111010.0 aENG-142387 c1995.00a9789389136494 aEN-125919 bDBAD a250 aAron, Deepankar aOn The Trail Of Buddha A Journey To The East/bDeepankar Aron aFirst bNiyogi BooksaNew Delhic2020 aBlock D, Building No. 77, Okhla Industrial Area, Phase-1bNew Delhie110020k911126816301k26818960mniyogibooksindia@gmil.com a308p.c24cm(hb)